00962nam a2200229 450000100060000000300080000600500170001400800410003103500190007204000320009104100080012308200240013124501490015525000110030426000540031530000340036950400390040350502130044265000230065570000320067870000220071033311BD-RjUL20211209052002.0140507s1969 maua b 001 0 eng d a(BD-RjUL)33402 aDLCcDLCdDLCdBD-RjULbeng aeng00a301.1bHAN V-4 196914aThe handbook of social psychology /cEdited by Gardner Lindzey and Elliot Aronson.nVolume Four :pGroup Psychology and Phenomena of Interaction a2d ed. aReading, Mass. :bAddison-Wesley Pub. Co.,cc1969 axvii,694 p. ;bill. ;c24 cm. aIncludes bibliographies. and Index0 av. 1. Historical introduction; systematic positions.--v. 2. Research methods.--v. 3. The individual in a social context.--v. 4. Group psychology and phenomena of interaction.--v. 5. Applied social psychology. 0aSocial psychology.1 aAronson, Elliot,ejoint ed.1 aLindzey, Gardner,